Fools in love : fresh twists on romantic tales / ... Read More
Available copies
- 2 of 2 copies available at LARL/NWRL Consortium. (Show)
- 1 of 1 copy available at Lake Agassiz Regional Library.
Current holds
0 current holds with 2 total copies.
Show Only Available Copies
| Location | Call Number / Copy Notes | Barcode | Shelving Location | Status | Due Date |
|---|---|---|---|---|---|
| Moorhead Public Library | Y FOO (Text) | 33500013514302 | Main | Available | - |
Record details
- ISBN: 9780762472345
- ISBN: 0762472340
- Physical Description: ix, 275 pages ; 21 cm
- Edition: First edition.
- Publisher: Philadelphia : Running Press Teens, 2021.
Content descriptions
| Formatted Contents Note: | Silver and gold : snowed in together / by Natasha ... Read More |
| Summary, etc.: | "A diverse, inclusive young adult anthology ... Read More |
| Target Audience Note: | Ages 13 and up. Running Press Teens. Grades 10-12. Running Press Teens. |
Search for related items by subject
| Subject: | Short stories, American. Romance fiction, American. Love > Fiction. JUVENILE FICTION / General. Romance fiction. Short stories, American. |
| Genre: | Short stories. Short stories, American. Romance fiction. Young adult fiction. |
| LDR | 03518cam a22007098i 4500 | ||
|---|---|---|---|
| 001 | 367072 | ||
| 003 | LARL_NWRL_CONSORTIUM | ||
| 005 | 20211223213835.0 | ||
| 008 | 201217s2021 pau d 000 1 eng | ||
| 010 | . | ‡a 2020056409 | |
| 040 | . | ‡aDLC ‡beng ‡erda ‡cDLC ‡dOCLCO ‡dOCLCF ‡dYDX ‡dUKMGB ‡dTOH ‡dOJ4 ‡dSDG ‡dIKG ‡dGK8 | |
| 015 | . | ‡aGBC1G5284 ‡2bnb | |
| 016 | 7 | . | ‡a020348917 ‡2Uk |
| 019 | . | ‡a1269273883 | |
| 020 | . | ‡a9780762472345 ‡q(hardcover) | |
| 020 | . | ‡a0762472340 | |
| 020 | . | ‡z9780762472352 ‡q(ebook) | |
| 035 | . | ‡a(OCoLC)1227837880 ‡z(OCoLC)1269273883 | |
| 042 | . | ‡apcc ‡alcac | |
| 082 | 0 | 0. | ‡a[Fic] ‡223 |
| 245 | 0 | 0. | ‡aFools in love : ‡bfresh twists on romantic tales / ‡cedited by Ashley Herring Blake and Rebecca Podos. |
| 250 | . | ‡aFirst edition. | |
| 264 | 1. | ‡aPhiladelphia : ‡bRunning Press Teens, ‡c2021. | |
| 300 | . | ‡aix, 275 pages ; ‡c21 cm | |
| 336 | . | ‡atext ‡btxt ‡2rdacontent | |
| 337 | . | ‡aunmediated ‡bn ‡2rdamedia | |
| 338 | . | ‡avolume ‡bnc ‡2rdacarrier | |
| 521 | . | ‡aAges 13 and up. ‡bRunning Press Teens. | |
| 521 | . | ‡aGrades 10-12. ‡bRunning Press Teens. | |
| 520 | . | ‡a"A diverse, inclusive young adult anthology featuring 15 short stories that re-imagine or subvert popular romance and rom-com tropes by some of the biggest names in YA"-- ‡cProvided by publisher. | |
| 505 | 0 | 0. | ‡tSilver and gold : snowed in together / ‡rby Natasha Ngan -- ‡tFive stars : mistaken identity / ‡rby Amy Spalding -- ‡tUnfortunately, blobs do not eat snacks : kissing under the influence / ‡rby Rebecca Kim Wells -- ‡tEdges : grumpy one & soft one / ‡rby Ashley Herring Blake -- ‡tWhat makes us heroes : hero vs. villain / ‡rby Julian Winters -- ‡tAnd : the love triangle / ‡rby Hannah Moskowitz -- ‡tMy best friend's girl : best friend's girlfriend / ‡rby Sara Farizan -- ‡t(Fairy)like attracts like : mutual pining / ‡rby Claire Kann -- ‡tThese strings : siblings's hot best friend / ‡rby Lilliam Rivera -- ‡tThe Passover date : fake dating / ‡rby Laura Silverman -- ‡tBloom : love transcends space time / ‡rby Rebecca Barrow -- ‡tTeed up : oblivious to lovers / ‡rby Gloria Chao -- ‡tBoys noise : only one bed at the inn / ‡rby Mason Deaver -- ‡tGirls just want to have fun : secret royalty / ‡rby Malinda Lo -- ‡tDisaster : second chance romance / ‡rby Rebecca Podos. |
| 650 | 0. | ‡aShort stories, American. ‡0(LARL_NWRL_CONSORTIUM)30923 | |
| 650 | 0. | ‡aRomance fiction, American. | |
| 650 | 1. | ‡aLove ‡vFiction. ‡0(LARL_NWRL_CONSORTIUM)176088 | |
| 650 | 7. | ‡aJUVENILE FICTION / General. ‡2bisacsh | |
| 650 | 7. | ‡aRomance fiction. ‡2fast ‡0(LARL_NWRL_CONSORTIUM)29934 | |
| 650 | 7. | ‡aShort stories, American. ‡2fast ‡0(LARL_NWRL_CONSORTIUM)30923 | |
| 655 | 7. | ‡aShort stories. ‡2lcgft | |
| 655 | 0. | ‡aShort stories, American. | |
| 655 | 7. | ‡aRomance fiction. ‡2lcgft | |
| 655 | 0. | ‡aYoung adult fiction. | |
| 700 | 1 | . | ‡aNgan, Natasha, ‡eauthor. |
| 700 | 1 | . | ‡aSpalding, Amy, ‡eauthor. |
| 700 | 1 | . | ‡aWells, Rebecca Kim, ‡eauthor. |
| 700 | 1 | . | ‡aWinters, Julian, ‡eauthor. |
| 700 | 1 | . | ‡aMoskowitz, Hannah, ‡eauthor. |
| 700 | 1 | . | ‡aFarizan, Sara, ‡eauthor. |
| 700 | 1 | . | ‡aKann, Claire, ‡eauthor. |
| 700 | 1 | . | ‡aRivera, Lilliam, ‡eauthor. |
| 700 | 1 | . | ‡aSilverman, Laura, ‡eauthor. |
| 700 | 1 | . | ‡aBarrow, Rebecca, ‡eauthor. |
| 700 | 1 | . | ‡aChao, Gloria, ‡eauthor. |
| 700 | 1 | . | ‡aDeaver, Mason, ‡eauthor. |
| 700 | 1 | . | ‡aLo, Malinda, ‡eauthor. ‡0(LARL_NWRL_CONSORTIUM)200532 |
| 700 | 1 | . | ‡aBlake, Ashley Herring, ‡eeditor, ‡eauthor. ‡0(LARL_NWRL_CONSORTIUM)222502 |
| 700 | 1 | . | ‡aPodos, Rebecca, ‡eeditor, ‡eauthor. ‡0(LARL_NWRL_CONSORTIUM)222899 |
| 901 | . | ‡a367072 ‡bOCoLC ‡c367072 ‡tbiblio ‡soclc | |

Add to basket
Permalink
Disable Highlighting